早期基督教思想的精神: (Record no. 14)
[ view plain ]
| 000 -LEADER | |
|---|---|
| fixed length control field | 02685nam a2200289Ia 4500 |
| 003 - CONTROL NUMBER IDENTIFIER | |
| control field | OSt |
| 005 - DATE AND TIME OF LATEST TRANSACTION | |
| control field | 20241008155657.0 |
| 008 - FIXED-LENGTH DATA ELEMENTS--GENERAL INFORMATION | |
| fixed length control field | 200731s9999 xx 000 0 und d |
| 020 ## - INTERNATIONAL STANDARD BOOK NUMBER | |
| International Standard Book Number | 7516103020 |
| 020 ## - INTERNATIONAL STANDARD BOOK NUMBER | |
| International Standard Book Number | 9787516103029 |
| 040 ## - CATALOGING SOURCE | |
| Transcribing agency | . |
| 041 ## - LANGUAGE CODE | |
| Language code of text/sound track or separate title | chi |
| Language code of original | eng |
| 050 ## - LIBRARY OF CONGRESS CALL NUMBER | |
| Classification number | BR165 |
| Item number | .W65122 2011 |
| 100 ## - MAIN ENTRY--PERSONAL NAME | |
| Personal name | Wilken, Robert Loouis |
| 245 ## - TITLE STATEMENT | |
| Title | 早期基督教思想的精神: |
| Remainder of title | 尋求上帝的面 |
| Statement of responsibility, etc. | 罗伯特. 路易斯. 威尔肯 (Robert Loouis Wilken) 著; 陈知钢译 |
| 246 ## - VARYING FORM OF TITLE | |
| Title proper/short title | 早期基督教思想的精神 : |
| Remainder of title | 寻求上帝的面 |
| 260 ## - PUBLICATION, DISTRIBUTION, ETC. | |
| Name of publisher, distributor, etc. | 中国社会科学出版社, |
| Date of publication, distribution, etc. | 2011 |
| 300 ## - PHYSICAL DESCRIPTION | |
| Extent | 285 p. |
| Other physical details | ; |
| Dimensions | 23 cm. |
| 490 ## - SERIES STATEMENT | |
| Series statement | 歷史與思想研究譯叢 |
| 500 ## - GENERAL NOTE | |
| General note | Translation of: The spirit of early Christian thought. |
| 505 ## - FORMATTED CONTENTS NOTE | |
| Formatted contents note | 1. 以基督的十字架為根基 -- 靈魂之火 -- 一種福音特有的論證 -- 上帝的選民 -- 啟示的恩典 -- 2. 一種令人敬畏且不流血的犧牲 -- 獻上禱告和感謝 -- 基督絕不會離水而在 -- 臨現的恩典 -- 與天使和天使長 -- 3. 上帝為今時顯出的榮面 -- 我們的智慧 -- 一本關於基督的書 -- 一個單一的故事 -- 寓意解經的無可避免性 -- 從經上所記看待自己 -- 4. 時常尋求他的面 -- 基督的復活及與父同在 -- 神聖的智慧 -- 聖子從不單獨行動 -- 尋見上帝和尋求上帝 -- 5. 不要成就我的意思, 只要成就你的意思 -- 馬利亞: 上帝之母 -- 痛苦中的榮耀 -- 分裂的教會 -- 基督的劇痛 -- 殉道士與認信者 -- 6. 太初賜下的目的 -- 關於人的被造 -- 皮子衣服 -- 身體不是點綴 -- 7. 信仰的合理性 -- 可靠的證明 -- 權威的不可避免性 -- 對可見之物的信心 -- 哪里有愛, 里就有看見 -- 以耶和華為神的百姓是有福的 -- 從聖徒的生活具有社會性 -- 關係今生之事 -- 一座侍奉上帝的公義之城 -- 9. 基督榮耀的作為 -- 最早的基督教詩歌 -- 聖詩的制作 -- 為誦讀而作的詩歌 -- 《靈魂之戰》 -- 10. 使此物成為彼物 -- 圖畫勝於文字 -- 穆斯林世界中的基督徒修士 -- 上帝大能的器皿 -- 若沒有形像, 就沒有道成肉身 -- 使此物成為彼物 -- 11. 上帝的樣式 -- 療心之術 -- 八福 -- 神貧 -- 基本的美德 -- 作為愛的形式的基本美德 -- 12. 感觀理性的知識 -- 聖愛與慾愛 -- 沒有憤怒就沒有美德 -- 愛是永不止息 -- 在來生中的愛與快樂 -- 有福的愛之激情. |
| 650 ## - SUBJECT ADDED ENTRY--TOPICAL TERM | |
| Topical term or geographic name entry element | Church history -- Primitive and early church, ca. 30-600. |
| 650 ## - SUBJECT ADDED ENTRY--TOPICAL TERM | |
| Topical term or geographic name entry element | Theology -- History -- Early church, ca. 30-600. |
| 700 ## - ADDED ENTRY--PERSONAL NAME | |
| Personal name | 罗伯特. 路易斯. 威尔肯 |
| 700 ## - ADDED ENTRY--PERSONAL NAME | |
| Personal name | 陳知鋼 |
| 942 ## - ADDED ENTRY ELEMENTS (KOHA) | |
| Source of classification or shelving scheme | |
| Koha item type | Chinese Book |
| Withdrawn status | Lost status | Damaged status | Not for loan | Home library | Current library | Shelving location | Date acquired | Total Checkouts | Full call number | Barcode | Date last seen | Date last checked out | Price effective from | Koha item type |
|---|---|---|---|---|---|---|---|---|---|---|---|---|---|---|
| GETS Theological Seminary Library | GETS Theological Seminary Library | General Stacks | 10/16/2018 | 1 | BR165 .W65122 2011 | 00000014 | 09/10/2019 | 02/19/2019 | 10/16/2018 | Chinese Book |